Bezpečnostní služby /

Hlavní autor: Macek, Pavel, 1949-
Jazyk: Čeština
Vydáno: Praha : Police history, 2008
Vydání: 2., dopl. vyd.
Témata:
Externí odkaz: Digitalizovaný dokument
Fyzický popis: 145 s. : il. ; 21 cm
Knihy
Uloženo v:
LEADER 01832nam a2200505 a 4500
001 nkc20081818410
003 CZ PrNK
005 20090123102425.0
007 ta
008 080908s2008 xr a e p 000 0 cze
015 |a cnb001818410 
020 |a 978-80-86477-48-0  |q (brož.) 
035 |a (OCoLC)298776195 
040 |a OLA001  |b cze  |d ABA001 
043 |a e-xr--- 
072 7 |a 351  |x Úkoly veřejné správy, správní opatření, legislativa  |2 Konspekt  |9 15 
072 7 |a 37.016  |x Učební osnovy. Vyučovací předměty. Učebnice  |2 Konspekt  |9 22 
080 |a 351.74  |2 MRF 
080 |a 351.746.2  |2 MRF 
080 |a 351.74/.75  |2 MRF 
080 |a (437.3)  |2 MRF 
080 |a (07)  |2 MRF 
080 |a (048.8)  |2 MRF 
100 1 |a Macek, Pavel,  |d 1949-  |7 mzk2004234117  |4 aut 
245 1 0 |a Bezpečnostní služby /  |c Pavel Macek a kol. 
250 |a 2., dopl. vyd. 
260 |a Praha :  |b Police history,  |c 2008 
300 |a 145 s. :  |b il. ;  |c 21 cm 
504 |a Obsahuje bibliografie a bibliografické odkazy 
650 0 7 |a policie  |7 ph124228  |z Česko  |2 czenas 
650 0 7 |a bezpečnostní služby  |7 ph118837  |z Česko  |2 czenas 
650 0 7 |a vnitřní bezpečnost  |7 ph116711  |z Česko  |2 czenas 
650 0 9 |a police  |z Czechia  |2 eczenas 
650 0 9 |a security services  |z Czechia  |2 eczenas 
650 0 9 |a internal security  |z Czechia  |2 eczenas 
655 7 |a učební texty  |7 fd133599  |2 czenas 
655 7 |a přehledy  |7 fd133202  |2 czenas 
655 9 |a educational texts  |2 eczenas 
655 9 |a surveys  |2 eczenas 
856 4 1 |u http://www.digitalniknihovna.cz/mzk/uuid/uuid:597d64c0-84f9-11e3-a6e0-005056827e52  |y Digitalizovaný dokument  |x NDK 
910 2 |a BOA001  |b 2-1213.593 
990 |a BK 
995 |a 01 
991 |b 200811  |c NOV 
996 6 |b 2610359741  |c 2-1213.593  |l MZK  |r Sklad / do 1 hodiny  |n 27  |p p.v.  |w 000920775  |u 000010  |a 1  |e BOA001  |j MZK50  |s P